Human resource management : (Record no. 4746)

MARC details
000 -LEADER
fixed length control field 01029nac a22002411u 4500
010 ## - LIBRARY OF CONGRESS CONTROL NUMBER
LC control number 97032386
020 ## - INTERNATIONAL STANDARD BOOK NUMBER
International Standard Book Number 0070058466 (pbk. : alk. paper)
020 ## - INTERNATIONAL STANDARD BOOK NUMBER
International Standard Book Number 0071156747 :
082 00 - DEWEY DECIMAL CLASSIFICATION NUMBER
Classification number 658.3
Item number B523
090 ## - LOCALLY ASSIGNED LC-TYPE CALL NUMBER (OCLC); LOCAL CALL NUMBER (OCLC)
-- 4746
-- 4746
100 ## - MAIN ENTRY--PERSONAL NAME
Personal name Bernardin, H. John.
245 10 - TITLE STATEMENT
Title Human resource management :
Remainder of title an experiential approach /
Statement of responsibility, etc H. John Bernardin, Joyce E.A. Russell.
250 ## - EDITION STATEMENT
Edition statement 2nd ed.
260 ## - PUBLICATION, DISTRIBUTION, ETC. (IMPRINT)
Place of publication, distribution, etc Boston :
Name of publisher, distributor, etc Irwin/McGraw-Hill,c1998.
Date of publication, distribution, etc c1998.
300 ## - PHYSICAL DESCRIPTION
Extent xii, 692 p. :
Other physical details ill. ;
Dimensions 28 cm.
504 ## - BIBLIOGRAPHY, ETC. NOTE
Bibliography, etc Includes bibliographical references and index.
650 #0 - SUBJECT ADDED ENTRY--TOPICAL TERM
Topical term or geographic name as entry element Personnel management
Geographic subdivision United States.
700 1# - ADDED ENTRY--PERSONAL NAME
Personal name Russell, Joyce E. A.
856 42 - ELECTRONIC LOCATION AND ACCESS
Materials specified Publisher description
Uniform Resource Identifier <a href="http://www.loc.gov/catdir/description/mh023/97032386.html">http://www.loc.gov/catdir/description/mh023/97032386.html</a>
856 42 - ELECTRONIC LOCATION AND ACCESS
Materials specified Table of contents
Uniform Resource Identifier <a href="http://www.loc.gov/catdir/toc/mh022/97032386.html">http://www.loc.gov/catdir/toc/mh022/97032386.html</a>
942 ## - ADDED ENTRY ELEMENTS (KOHA)
Item type Book - Borrowing
Call number prefix 658.3B523
Holdings
Withdrawn status Item status Damaged status Not for loan Home library Current library Shelving location Date acquired Source of acquisition Total Checkouts Total Renewals Full call number Barcode Date last seen Date last borrowed Koha item type
        Central Library Central Library First floor 17/09/2007 Purchase 7 13 658.3 BER 000005835 15/07/2025 12/12/2016 Book - Borrowing